UM Logo

Politics of East Asian free trade agreements: (Record no. 16665)

MARC details
000 -LEADER
fixed length control field 00845nam a22002177a 4500
008 - FIXED-LENGTH DATA ELEMENTS--GENERAL INFORMATION
fixed length control field 220304b ||||| |||| 00| 0 eng d
020 ## - INTERNATIONAL STANDARD BOOK NUMBER
International Standard Book Number 97803673278922
082 ## - DEWEY DECIMAL CLASSIFICATION NUMBER
Edition number 2021
Classification number DC 382.71095195
Item number C452
100 ## - MAIN ENTRY--PERSONAL NAME
Personal name Choi, Byung-il, author
9 (RLIN) 44474
245 ## - TITLE STATEMENT
Title Politics of East Asian free trade agreements:
Remainder of title unveiling the asymmetry between Korea and Japan/
Statement of responsibility, etc. Choi byung-il, Jennifer S. Oh, authors
260 ## - PUBLICATION, DISTRIBUTION, ETC. (IMPRINT)
Place of publication, distribution, etc. New York:
Name of publisher, distributor, etc. Routledge,
Date of publication, distribution, etc. ©2021.
300 ## - PHYSICAL DESCRIPTION
Extent x, 124 page;
Dimensions 23 cm.
440 ## - SERIES STATEMENT/ADDED ENTRY--TITLE
Title Politics in Asia
9 (RLIN) 44475
500 ## - GENERAL NOTE
General note Includes index.
650 ## - SUBJECT ADDED ENTRY--TOPICAL TERM
Topical term or geographic name as entry element Korea (South) --Economic conditions--21st century
9 (RLIN) 44476
650 ## - SUBJECT ADDED ENTRY--TOPICAL TERM
Topical term or geographic name as entry element Japan--Economic conditions--21st century
9 (RLIN) 44477
650 ## - SUBJECT ADDED ENTRY--TOPICAL TERM
Topical term or geographic name as entry element Korea (South)--Economic policy
9 (RLIN) 44478
650 ## - SUBJECT ADDED ENTRY--TOPICAL TERM
Topical term or geographic name as entry element Japan--Economic policy
9 (RLIN) 44479
700 ## - ADDED ENTRY--PERSONAL NAME
Personal name Oh, Jennifer S., author
9 (RLIN) 44480
942 ## - ADDED ENTRY ELEMENTS (KOHA)
Source of classification or shelving scheme Dewey Decimal Classification
Koha item type Circulation
Holdings
Withdrawn status Lost status Source of classification or shelving scheme Damaged status Not for loan Collection code Home library Current library Date acquired Source of acquisition Cost, normal purchase price Total Checkouts Full call number Barcode Date last seen Price effective from Koha item type
    Dewey Decimal Classification     Circulation UM Digos College - LIC UM Digos College - LIC 02/10/2022 Purchased 5598.00   DC 382.71095195 C452 2021 26432 05/15/2025 03/04/2022 Circulation